000 00987nam a22003257a 4500
001 BR7000403
003 BR-BrBNA
005 20230928083601.0
007 ta
008 230509b bl.||||| |||| 00| 0 por d
040 _aBR-BrBNA
_bpor
_cBiblioteca Nacional de Agricultura
041 _a(Por)
072 _aL30; L32
_b5212
_b1910
_b8952
_b8951
_b8954
090 _ 5212 BR7000403
100 1 _aRoston, A.J.
110 1 _aCoordenadoria de Assistencia Tecnica Integral, Campinas, SP (Brasil). Depto. de Orientacao Tecnica
_92968
245 1 _aNutricao animal e pastagens: utilizacao dos alimentos [Bovino]
_bDiagnosticos da situacao. Medidas corretivas
260 3 _aCampinas, SP (Brasil):
_c[nd].
300 _a64 p.
500 _a31 ref.
650 _aNutricao animal
650 _aIndustria alimenticia
650 _aBovino
650 _aPastagem
650 _aForragem
650 _aSilagem
650 _aRacao
909 _a202309
_bLucia
_c55
_dLucia Elande
942 _cBK
999 _c14304
_d14304